| 000 | 00388nam a2200157Ia 4500 | ||
|---|---|---|---|
| 999 |
_c10351 _d10351 |
||
| 003 | OSt | ||
| 008 | 220308s9999 xx 000 0 und d | ||
| 020 | _a9783038215370 | ||
| 082 |
_a690.24 _bWON |
||
| 100 | _aWong, Liliane | ||
| 245 | 0 | _aAdaptive reuse : extending the lives of buildings | |
| 260 | _b Birkhauser (21 November 2016) | ||
| 365 | _cEUR | ||
| 365 | _d39.95 | ||
| 942 | _2ddc | ||